Základy realistické kresby: Kreslení pravou mozkovou hemisférou /

Guardado en:
Detalles Bibliográficos
Autor principal: Petrásková, Jana (Autor)
Formato: Libro
Lenguaje:checo
Publicado: Praha: Grada Publishing, 2012
Materias:
Etiquetas: Agregar Etiqueta
Sin Etiquetas, Sea el primero en etiquetar este registro!

MARC

LEADER 00000nam a22000003a 4500
001 0093977
003 SK-STU
005 20220215152100.7
007 ta
008 220215s ----xo-----e------000-0-----d
020 |a 978-80-247-4058-4 
040 |a STU  |b slo 
041 0 |a cze  |h cze 
044 |a xr 
100 1 |a Petrásková, Jana  |4 aut  |r Z6 
245 1 0 |a Základy realistické kresby:  |b Kreslení pravou mozkovou hemisférou /  |c aut. Jana Petrásková 
260 |a Praha:  |b Grada Publishing,  |c 2012 
300 |a 144 s. 
650 0 7 |a kreslenie 
650 0 7 |a kresba 
996 |b 284V037719  |c V* 53322/O-24482  |l VVT  |s A  |a 24  |w 0093977_0001